Quiz: Frontières du monde - Statistiques

Statistiques générales
  • Ce quiz a été pris 36 fois
  • Le résultat moyen est 4 sur 6
Statistiques - réponses
Hint Réponse % Correct
Combien de pays partagent une frontière avec la France métropolitaine ? 8
100%
Quel pays possède la frontière terrestre la plus longue de tous les pays d'Europe, avec plus de 20 000 km de frontières ? Russie
90%
Quel est le seul continent qui n'a aucune frontière terrestre entre pays ? Océanie
87%
Quel est le pays d'Asie centrale doublement enclavé, c'est-à-dire qu'il faut traverser deux pays étrangers pour atteindre la mer ? Ouzbékistan
55%
Quelle frontière maritime sépare la Russie des États-Unis par seulement 3,8 kilomètres, entre les îles Diomède ? Détroit de Béring
52%
Quel est le seul pays au monde à partager une frontière avec deux pays qui sont techniquement en guerre l'un contre l'autre ? Liban
39%
Aucun quiz correspondant
Distribution des résultats
% des personnes avec chaque résultat
Percentile par nombre de réponses
Votre historique - résultats
Vous n’avez pas pris ce quiz